[Event "AUS-ch Major"]
[Site "Sydney"]
[Date "2020.01.07"]
[Round "6"]
[White "Hogan, Steven"]
[Black "Boylan, Peter"]
[Result "1/2-1/2"]
[WhiteElo "1516"]
[BlackElo "1858"]
[PlyCount "51"]
[EventDate "2020.01.02"]
[EventType "swiss"]
[EventRounds "11"]
[EventCountry "AUS"]
[SourceTitle "EXT 2021"]
[Source "ChessBase"]
[SourceDate "2020.10.23"]
[SourceVersion "1"]
[SourceVersionDate "2020.10.23"]
[SourceQuality "1"]

1. d4 d5 2. c4 c6 3. Nf3 Nf6 4. g3 Bf5 5. Bg2 dxc4 6. 0-0 e6 7. Ne5 Nbd7 8. Nxc4 Be7 9. Nc3 0-0 10. e4 Bg6 11. d5 Nb6 12. dxc6 Qxd1 13. Rxd1 Nxc4 14. cxb7 Rab8 15. b3 Nb6 16. e5 Nfd5 17. Nxd5 Nxd5 18. Rxd5 exd5 19. Bxd5 Rfd8 20. Bf3 Bc5 21. Bf4 Bf5 22. Rc1 Bb6 23. e6 Bxe6 24. Bxb8 Rxb8 25. Bd5 Bd7 26. Bc6 1/2-1/2

[Event "AUS-ch Major"]
[Site "Cammeray"]
[Date "2018.01.12"]
[Round "11"]
[White "Hogan, Steven"]
[Black "Watson, James"]
[Result "0-1"]
[WhiteElo "1565"]
[BlackElo "1791"]
[PlyCount "104"]
[EventDate "2018.01.02"]
[EventType "swiss"]
[EventRounds "11"]
[EventCountry "AUS"]
[SourceTitle "CBM 182 Extra"]
[Source "ChessBase"]
[SourceDate "2018.02.23"]
[SourceVersion "1"]
[SourceVersionDate "2018.02.23"]
[SourceQuality "1"]

1. Nf3 Nf6 2. g3 g6 3. c4 c5 4. Bg2 Bg7 5. 0-0 0-0 6. Nc3 Nc6 7. d3 d5 8. Bf4 d4 9. Nb5 Ne8 10. Qd2 a6 11. Na3 e5 12. Bh6 Nd6 13. Bxg7 Kxg7 14. Nc2 a5 15. Rfb1 e4 16. Nfe1 f5 17. a3 a4 18. b4 axb3 19. Rxb3 Ne5 20. Qf4 Qf6 21. Rb6 g5 22. Rxd6 gxf4 23. Rxf6 Rxf6 24. gxf4 Nf7 25. dxe4 fxe4 26. Bxe4 Nd6 27. Bd5 Rxf4 28. Nd3 Rg4+ 29. Kh1 Ra5 30. Nce1 Kf6 31. Ng2 b5 32. Bf3 Rg7 33. cxb5 c4 34. Ndf4 Nxb5 35. Nh5+ Kg6 36. Nxg7 Kxg7 37. a4 c3 38. Be4 Nd6 39. Bd3 Ba6 40. Nf4 Bxd3 41. Nxd3 Ne4 42. Kg2 Kf6 43. Kf1 Ke6 44. Ke1 Kd5 45. Nf4+ Kd6 46. Nh3 Rh5 47. f3 Rxh3 48. fxe4 Rxh2 49. Ra2 d3 50. e5+ Kxe5 51. a5 d2+ 52. Rxd2 Rh1+ 0-1

[Event "AUS-ch Major"]
[Site "Cammeray"]
[Date "2018.01.06"]
[Round "6"]
[White "Lane, Ryan"]
[Black "Hogan, Steven"]
[Result "1-0"]
[WhiteElo "1726"]
[BlackElo "1565"]
[PlyCount "115"]
[EventDate "2018.01.02"]
[EventType "swiss"]
[EventRounds "11"]
[EventCountry "AUS"]
[SourceTitle "CBM 182 Extra"]
[Source "ChessBase"]
[SourceDate "2018.02.23"]
[SourceVersion "1"]
[SourceVersionDate "2018.02.23"]
[SourceQuality "1"]

1. e4 d5 2. exd5 Qxd5 3. Nc3 Qa5 4. Nf3 Nf6 5. Bc4 Bg4 6. 0-0 e6 7. d4 c6 8. Qe2 Be7 9. Bd2 Qc7 10. h3 Bh5 11. Qe3 Nbd7 12. Ng5 0-0-0 13. Bxe6 fxe6 14. Nxe6 Qd6 15. Nxd8 Kxd8 16. Nd1 Nd5 17. Qb3 Kc8 18. c4 Nf4 19. Bxf4 Qxf4 20. d5 Bd6 21. g3 Qd2 22. Qe3 Qxe3 23. Nxe3 Bf3 24. Nf5 Bb4 25. a3 Bd2 26. Nd4 Be4 27. Rad1 Bg5 28. Rfe1 Nf6 29. h4 Bh6 30. f3 Bg6 31. dxc6 bxc6 32. Nxc6 Bc2 33. Rd4 Re8 34. Rxe8+ Nxe8 35. Kf2 Bc1 36. Nb4 Bg6 37. Nd3 Bxd3 38. Rxd3 Bxb2 39. f4 Kc7 40. Rb3 Bf6 41. Kf3 Kc6 42. Rb5 Nd6 43. Ra5 Kb6 44. Rh5 Nxc4 45. Rxh7 Nxa3 46. g4 Nc4 47. g5 Bc3 48. Rh8 a5 49. Ke2 Nd6 50. Kd3 Ba1 51. h5 Kc6 52. Rb8 Nb7 53. f5 Kc7 54. Ra8 Kd6 55. Ke3 Ke5 56. f6 gxf6 57. g6 Ke6 58. g7 1-0

[Event "AUS-ch Major"]
[Site "Cammeray"]
[Date "2018.01.03"]
[Round "2"]
[White "Anup, Kumar Vihaan"]
[Black "Hogan, Steven"]
[Result "0-1"]
[WhiteElo "257"]
[BlackElo "1565"]
[PlyCount "90"]
[EventDate "2018.01.02"]
[EventType "swiss"]
[EventRounds "11"]
[EventCountry "AUS"]
[SourceTitle "CBM 182 Extra"]
[Source "ChessBase"]
[SourceDate "2018.02.23"]
[SourceVersion "1"]
[SourceVersionDate "2018.02.23"]
[SourceQuality "1"]

1. d4 Nf6 2. c4 c5 3. d5 b5 4. b3 g6 5. Nc3 b4 6. Na4 d6 7. e3 Bg7 8. Bd3 Nbd7 9. Ne2 0-0 10. 0-0 Nxd5 11. Rb1 N5b6 12. Nxb6 axb6 13. Qc2 Bb7 14. Bd2 Qc7 15. e4 Ne5 16. Nc1 Nxd3 17. Qxd3 Qd7 18. Be3 Bc6 19. f3 b5 20. Qd2 bxc4 21. bxc4 Ra3 22. Rb3 Rfa8 23. Rxa3 Rxa3 24. Nb3 Bc3 25. Qc2 Qa7 26. Rf2 Ba4 27. Re2 Bd7 28. Bc1 Ra6 29. Bh6 Be6 30. Nc1 Bxc4 31. Nd3 Bxd3 32. Qxd3 c4+ 33. Be3 cxd3 34. Bxa7 dxe2 35. Bf2 e1Q+ 36. Bxe1 Bxe1 37. Kf1 Bc3 38. Ke2 Rxa2+ 39. Kd3 e6 40. Kc4 d5+ 41. Kb3 Rb2+ 42. Ka4 d4 43. Kb5 d3 44. Kc4 d2 45. Kb5 d1Q 0-1

[Event "Box Hill CC-ch"]
[Site "Box Hill"]
[Date "2005.06.11"]
[Round "2.28"]
[White "Hogan, Steven"]
[Black "Ly, Thai"]
[Result "0-1"]
[WhiteElo "1319"]
[BlackElo "1953"]
[PlyCount "44"]
[EventDate "2005.06.11"]
[EventType "swiss"]
[EventRounds "7"]
[EventCountry "AUS"]
[SourceTitle "EXT 2018"]
[Source "ChessBase"]
[SourceDate "2017.10.13"]
[SourceVersion "1"]
[SourceVersionDate "2017.10.13"]
[SourceQuality "1"]

1. d4 d5 2. c4 c6 3. Nc3 Nf6 4. Nf3 dxc4 5. e4 b5 6. a3 e6 7. g3 Be7 8. Bg2 0-0 9. 0-0 Bb7 10. Qc2 Nbd7 11. Rd1 Qb6 12. h3 c5 13. Be3 cxd4 14. Bxd4 Bc5 15. Bxc5 Nxc5 16. e5 Nfe4 17. Nxe4 Bxe4 18. Qe2 Bd3 19. Qe3 Rad8 20. Nd2 Bg6 21. Ne4 Nxe4 22. Bxe4 Qxe3 0-1